000 01556cam a22004574i 4500
003 PE-LiUPU
005 20250731173139.0
008 150623s r 000 0 d
020 _a0912692308
035 _a(Sirsi) i9780912692302
040 _aPE-LiUPU
_bspa
_cPE-LiUPU
_erda
049 _aPRUA
082 0 4 _a268.433
_bL38
_221
100 1 _aLeFever, Marlene D.,
_eautor.
245 1 0 _aTurnabout teaching /
_cMarlene D. LeFever.
264 1 _a850 North Grove Avenue, Elgin, IL :
_bDavid C. Cook Publishing,
_c1975.
300 _a155 páginas ;
_c17 centímetros
336 _atext
_2rdacontent
337 _aunmediated
_2rdamedia
338 _avolume
_2rdacarrier
490 0 _aChristian Education Series
505 0 _aRoleplay. Read a play. Mime a message. Discussion. Game. Creative writing. Art projects.
526 _aSEG42
526 _aSEG41
526 _aSEG40
526 _aSEG39
526 _aP94
526 _aP87
526 _aP86
526 _aP85
526 _aP77
526 _aP76
526 _aP35
650 0 4 _aEducación religiosa
_xMétodos de enseñanza.
942 _2ddc
_cBOOK
949 _a268.433 L38
_wDEWEY
_c1
_i52580
_lCCODEBUL1
_mBUL
_p3.00
_r0
_sY
_tBOOK
_u2015-6-24
_xTEOLOGIA
_PP35
_0COMPRA
_o.STAFF. Colección General
994 _aC0
_bPEPRU
596 _a1
999 _a268.433 L38
_wDEWEY
_c34407
_i52580
_f2021-11-10
_g5
_lCCODEBUL1
_mBUL
_p3.00
_r0
_sY
_tBOOK
_u2015-6-24
_xTEOLOGIA
_PP35
_0COMPRA
_o.STAFF. Colección General
_d34407
980 _81
_gALBERTO SANCHEZ Responsable de Automatización